[Event "Mittelfranken-chTB1 1819"]
[Site "Mittelfranken"]
[Date "2018.11.04"]
[Round "2.1"]
[White "Alsheimer, Christoph"]
[Black "Sarec, Ivica"]
[Result "1/2-1/2"]
[WhiteElo "2157"]
[BlackElo "2041"]
[PlyCount "42"]
[EventDate "2018.10.14"]
[EventType "team-tourn"]
[EventRounds "9"]
[EventCountry "GER"]
[SourceTitle "EXT 2022"]
[Source "ChessBase"]
[SourceDate "2021.10.06"]
[SourceVersion "1"]
[SourceVersionDate "2021.10.06"]
[SourceQuality "1"]
[WhiteTeam "Bechhofen"]
[BlackTeam "Herzogenaurach II"]
[WhiteTeamCountry "GER"]
[BlackTeamCountry "GER"]

1. d4 Nf6 2. Nf3 c5 3. e3 g6 4. b3 Bg7 5. Bb2 cxd4 6. exd4 d5 7. Be2 0-0 8. 0-0 b6 9. c4 Bb7 10. Nbd2 Nc6 11. Rc1 Rc8 12. Re1 e6 13. Ne5 dxc4 14. Ndxc4 Nb4 15. Ba3 a5 16. Qd2 Ne4 17. Qe3 b5 18. Bf3 bxc4 19. Bxe4 Bxe4 20. Qxe4 cxb3 21. axb3 Rxc1 1/2-1/2

[Event "Mittelfranken-chTB1 1617"]
[Site "Mittelfranken"]
[Date "2017.03.05"]
[Round "7.2"]
[White "Justen, Detlef"]
[Black "Alsheimer, Christoph"]
[Result "1/2-1/2"]
[WhiteElo "2086"]
[BlackElo "2202"]
[PlyCount "47"]
[EventDate "2016.10.23"]
[EventType "team-tourn"]
[EventRounds "9"]
[EventCountry "GER"]
[SourceTitle "EXT 2022"]
[Source "ChessBase"]
[SourceDate "2021.10.06"]
[SourceVersion "1"]
[SourceVersionDate "2021.10.06"]
[SourceQuality "1"]
[WhiteTeam "Gunzenhausen"]
[BlackTeam "Bechhofen"]
[WhiteTeamCountry "GER"]
[BlackTeamCountry "GER"]

1. e4 e6 2. Nf3 d5 3. exd5 exd5 4. d4 Nc6 5. Bf4 Bg4 6. Be2 Nf6 7. c3 Bd6 8. Bxd6 Qxd6 9. Nbd2 0-0 10. 0-0 Rae8 11. Re1 Ne4 12. Nxe4 dxe4 13. Nd2 Bxe2 14. Rxe2 f5 15. Qb3+ Kh8 16. Rae1 Nd8 17. Nc4 Qd5 18. Ne5 Qxb3 19. axb3 Ne6 20. f3 Nf4 21. Re3 Nd5 22. R3e2 Nf4 23. Re3 Nd5 24. R3e2 1/2-1/2

[Event "Regionalliga NO 1516"]
[Site "Bayern"]
[Date "2016.01.31"]
[Round "6.3"]
[White "Alsheimer, Christoph"]
[Black "Turner, Radek"]
[Result "1-0"]
[WhiteElo "2226"]
[BlackElo "2022"]
[PlyCount "51"]
[EventDate "2015.10.11"]
[EventType "team-tourn"]
[EventRounds "9"]
[EventCountry "GER"]
[SourceTitle "EXT 2018"]
[Source "ChessBase"]
[SourceDate "2017.10.13"]
[SourceVersion "1"]
[SourceVersionDate "2017.10.13"]
[SourceQuality "1"]
[WhiteTeam "Bechhofen"]
[BlackTeam "Regensburg Turnerschaft"]
[WhiteTeamCountry "GER"]
[BlackTeamCountry "GER"]

1. d4 e6 2. e4 d5 3. Nc3 Bb4 4. exd5 exd5 5. Bd3 c6 6. Nge2 Ne7 7. Ng3 Be6 8. Be3 Qd7 9. Qd2 Nf5 10. 0-0-0 Nxe3 11. fxe3 g6 12. e4 Na6 13. a3 Bxc3 14. Qxc3 Nc7 15. e5 a5 16. h4 h5 17. Rdf1 b5 18. Ne2 Bg4 19. Rf6 Ne6 20. Rhf1 0-0 21. Qd2 Kg7 22. Nf4 Rac8 23. Nxg6 fxg6 24. Rxg6+ Kh8 25. Qh6+ Qh7 26. Rg8+ 1-0

[Event "Regionalliga NO 1415"]
[Site "Bayern"]
[Date "2015.02.22"]
[Round "7.3"]
[White "Alsheimer, Christoph"]
[Black "Endres, Christian"]
[Result "1-0"]
[WhiteElo "2226"]
[BlackElo "2082"]
[PlyCount "75"]
[EventDate "2014.10.19"]
[EventType "team-tourn"]
[EventRounds "9"]
[EventCountry "GER"]
[SourceTitle "EXT 2018"]
[Source "ChessBase"]
[SourceDate "2017.10.13"]
[SourceVersion "1"]
[SourceVersionDate "2017.10.13"]
[SourceQuality "1"]
[WhiteTeam "Bechhofen"]
[BlackTeam "Altensittenbach"]
[WhiteTeamCountry "GER"]
[BlackTeamCountry "GER"]

1. d4 c5 2. e3 Nf6 3. Nf3 g6 4. dxc5 Qa5+ 5. Bd2 Qxc5 6. c4 Bg7 7. b4 Qc7 8. Bc3 0-0 9. Nbd2 b6 10. Rc1 Bb7 11. Be2 Nc6 12. Qb3 Rac8 13. 0-0 Nd8 14. Qb2 Ne6 15. Rfd1 Rfd8 16. Nd4 Qb8 17. Nxe6 dxe6 18. Be5 Qa8 19. f3 Ne8 20. Nb3 Bxe5 21. Qxe5 Rd6 22. h4 f6 23. Qb2 Rxd1+ 24. Rxd1 Nd6 25. c5 Nf5 26. e4 Ng7 27. Qd4 e5 28. Bc4+ Kf8 29. Qd2 a6 30. a4 Bc6 31. cxb6 Bxa4 32. Nc5 Qc6 33. b7 Rb8 34. Ra1 Bb5 35. Bd5 Qd6 36. Qh6 Bd7 37. Rxa6 Qc7 38. Ra8 1-0

[Event "Regionalliga NO 1415"]
[Site "Bayern"]
[Date "2015.02.01"]
[Round "6.4"]
[White "Alsheimer, Christoph"]
[Black "Kalous, Miroslav"]
[Result "1-0"]
[WhiteElo "2226"]
[BlackElo "1966"]
[PlyCount "71"]
[EventDate "2014.10.19"]
[EventType "team-tourn"]
[EventRounds "9"]
[EventCountry "GER"]
[SourceTitle "EXT 2018"]
[Source "ChessBase"]
[SourceDate "2017.10.13"]
[SourceVersion "1"]
[SourceVersionDate "2017.10.13"]
[SourceQuality "1"]
[WhiteTeam "Bechhofen"]
[BlackTeam "Windischeschenbach"]
[WhiteTeamCountry "GER"]
[BlackTeamCountry "GER"]

1. d4 Nf6 2. Nf3 e6 3. e3 b6 4. b3 Bb7 5. Bb2 Ne4 6. Bd3 f5 7. 0-0 Be7 8. Nfd2 0-0 9. f3 Nxd2 10. Nxd2 c5 11. Qe2 Nc6 12. c3 Bf6 13. dxc5 bxc5 14. e4 Ne5 15. Ba6 Bxa6 16. Qxa6 Qb6 17. Qxb6 axb6 18. f4 Nd3 19. e5 Nxb2 20. exf6 gxf6 21. a4 e5 22. Ra2 Nd3 23. Nc4 Rab8 24. fxe5 fxe5 25. Rd2 e4 26. Nd6 Rf6 27. Nxe4 Re6 28. Rxf5 c4 29. bxc4 Rxe4 30. Rxd3 Rxc4 31. Rxd7 Rxc3 32. Rg5+ Kh8 33. h4 Rc4 34. Rh5 Rxa4 35. Rdxh7+ Kg8 36. Rh8+ 1-0

[Event "Regionalliga NO 1314"]
[Site "Bayern"]
[Date "2014.01.19"]
[Round "5.2"]
[White "Meulner, Klaus"]
[Black "Alsheimer, Christoph"]
[Result "0-1"]
[WhiteElo "2096"]
[BlackElo "2200"]
[PlyCount "88"]
[EventDate "2013.10.13"]
[EventType "team-tourn"]
[EventRounds "9"]
[EventCountry "GER"]
[SourceTitle "EXT 2015"]
[Source "ChessBase"]
[SourceDate "2014.11.20"]
[SourceVersion "1"]
[SourceVersionDate "2014.11.20"]
[SourceQuality "1"]
[WhiteTeam "Nuernberg Sued SW II"]
[BlackTeam "Bechhofen"]
[WhiteTeamCountry "GER"]
[BlackTeamCountry "GER"]

1. d4 e6 2. c4 Nf6 3. Nc3 Bb4 4. e3 b6 5. Nge2 Bb7 6. a3 Be7 7. d5 exd5 8. cxd5 0-0 9. g3 a5 10. Bg2 Na6 11. 0-0 Nc5 12. Qc2 Ba6 13. Rd1 Bc4 14. Nd4 a4 15. e4 Ng4 16. Na2 Bb3 17. Nxb3 Nxb3 18. Rb1 Bc5 19. Rf1 f5 20. exf5 Qe8 21. Bf4 Nd4 22. Qc4 Ne2+ 23. Kh1 Nxf2+ 24. Rxf2 Bxf2 25. Rf1 Nxf4 26. Qxf4 Bc5 27. Nc3 Bd6 28. Qg4 Qe5 29. Ne4 Kh8 30. Ng5 Be7 31. Nh3 Ra5 32. Qh5 g6 33. Qh6 Rxf5 34. Nf4 Qg7 35. Qh3 Bd6 36. Be4 Rf6 37. Re1 Bxf4 38. gxf4 Rxf4 39. Bg2 Qf7 40. d6 cxd6 41. Qc3+ Kg8 42. Qc8+ Kg7 43. Qd8 Re5 44. Rd1 Qe7 0-1

[Event "Regionalliga NO 1314"]
[Site "Bayern"]
[Date "2013.11.10"]
[Round "2.2"]
[White "Alsheimer, Christoph"]
[Black "Wallinger, Manfred"]
[Result "1/2-1/2"]
[WhiteElo "2200"]
[BlackElo "2111"]
[PlyCount "46"]
[EventDate "2013.10.13"]
[EventType "team-tourn"]
[EventRounds "9"]
[EventCountry "GER"]
[SourceTitle "EXT 2015"]
[Source "ChessBase"]
[SourceDate "2014.11.20"]
[SourceVersion "1"]
[SourceVersionDate "2014.11.20"]
[SourceQuality "1"]
[WhiteTeam "Bechhofen"]
[BlackTeam "Altensittenbach"]
[WhiteTeamCountry "GER"]
[BlackTeamCountry "GER"]

1. d4 d5 2. Nf3 c6 3. b3 Bf5 4. Bb2 e6 5. g3 h6 6. Bg2 Nf6 7. 0-0 Be7 8. c4 0-0 9. Nc3 Nbd7 10. Nd2 Rc8 11. e4 dxe4 12. Ncxe4 Nxe4 13. Nxe4 b6 14. Qe2 Nf6 15. Rad1 Nxe4 16. Bxe4 Bxe4 17. Qxe4 Bf6 18. Bc1 Re8 19. Rfe1 Re7 20. Qg4 Rd7 21. Bxh6 Rxd4 22. Rxd4 Qxd4 23. Qxd4 Bxd4 1/2-1/2

[Event "Regionalliga NO 1213"]
[Site "Bayern"]
[Date "2012.11.25"]
[Round "3.2"]
[White "Walter, Florian"]
[Black "Alsheimer, Christoph"]
[Result "1-0"]
[WhiteElo "2172"]
[BlackElo "2214"]
[PlyCount "117"]
[EventDate "2012.10.14"]
[EventType "team-tourn"]
[EventRounds "9"]
[EventCountry "GER"]
[SourceTitle "EXT 2015"]
[Source "ChessBase"]
[SourceDate "2014.11.20"]
[SourceVersion "1"]
[SourceVersionDate "2014.11.20"]
[SourceQuality "1"]
[WhiteTeam "Lauf"]
[BlackTeam "Bechhofen"]
[WhiteTeamCountry "GER"]
[BlackTeamCountry "GER"]

1. c4 e5 2. g3 Nf6 3. Bg2 Bc5 4. Nc3 c6 5. e3 Qe7 6. Nge2 e4 7. Qc2 d5 8. cxd5 Bf5 9. g4 Nxg4 10. Bxe4 Bd7 11. h3 Nf6 12. Bf3 Na6 13. dxc6 bxc6 14. a3 0-0 15. d4 Bb6 16. Bd2 c5 17. Na4 Rac8 18. Nxb6 axb6 19. Qd3 c4 20. Qc2 Rc7 21. e4 Bc6 22. d5 Bb7 23. d6 Qxd6 24. Bf4 Qc5 25. Bxc7 Nxc7 26. Rg1 Ne6 27. Bg2 Re8 28. Rc1 b5 29. Kf1 Ng5 30. f3 Bc8 31. Rh1 Nh5 32. Rd1 Bb7 33. Qd2 Bc6 34. Qd4 Qe7 35. Qd6 Qb7 36. Nd4 Bd7 37. h4 Ne6 38. Nxe6 Bxe6 39. Bh3 h6 40. Bxe6 Rxe6 41. Qd8+ Kh7 42. Qd5 Qxd5 43. exd5 Rd6 44. Rh2 Nf4 45. Rd4 Nxd5 46. Rhd2 Ne3+ 47. Kf2 Re6 48. Re2 Nf5 49. Rxe6 Nxd4 50. Re5 Kg6 51. Rd5 Nc2 52. Rxb5 c3 53. a4 cxb2 54. Rxb2 Nd4 55. a5 Kh5 56. a6 Nc6 57. Rb6 Na7 58. Rb7 Nc6 59. Rc7 1-0

[Event "Regionalliga NO 0910"]
[Site "Bayern"]
[Date "2010.02.07"]
[Round "6.2"]
[White "Alsheimer, Christoph"]
[Black "Blodig, Reinhard"]
[Result "1-0"]
[WhiteElo "2183"]
[BlackElo "2049"]
[PlyCount "91"]
[EventDate "2009.10.18"]
[EventType "team-tourn"]
[EventRounds "9"]
[EventCountry "GER"]
[SourceTitle "EXT 2011"]
[Source "ChessBase"]
[SourceDate "2010.11.26"]
[SourceVersion "1"]
[SourceVersionDate "2010.11.26"]
[SourceQuality "1"]
[WhiteTeam "Bechhofen"]
[BlackTeam "Dietfurt"]
[WhiteTeamCountry "GER"]
[BlackTeamCountry "GER"]

1. d4 Nf6 2. Nf3 c5 3. e3 g6 4. b3 cxd4 5. exd4 Bg7 6. Bb2 0-0 7. Be2 d5 8. 0-0 Nc6 9. Ne5 Ne8 10. c4 Nxe5 11. dxe5 Nc7 12. Na3 Be6 13. Qc1 Qd7 14. Rd1 Rfd8 15. Qe3 Qe8 16. Rac1 dxc4 17. Nxc4 Nd5 18. Qf3 Bh6 19. Ra1 Rd7 20. Na5 a6 21. Bc4 Rad8 22. Nxb7 Rxb7 23. Bxd5 Bxd5 24. Rxd5 Rxd5 25. Qxd5 Rd7 26. Qf3 Qd8 27. h3 Rd3 28. Qe4 Qd5 29. Qxd5 Rxd5 30. Re1 Kf8 31. g3 Ke8 32. Re2 Bd2 33. Kg2 Kd7 34. Re4 Ke6 35. Kf3 Ba5 36. Ra4 Rb5 37. Ke4 Kd7 38. Bd4 Kc7 39. Rc4+ Kb7 40. Bc5 Bb6 41. Bxe7 Bxf2 42. Bd6 Bb6 43. b4 Bd8 44. a4 Rb6 45. Kd5 h5 46. Rf4 1-0

[Event "Regionalliga NO 0910"]
[Site "Bayern"]
[Date "2010.01.24"]
[Round "5.2"]
[White "Alsheimer, Christoph"]
[Black "Seyb, Dieter"]
[Result "0-1"]
[WhiteElo "2183"]
[BlackElo "2208"]
[PlyCount "66"]
[EventDate "2009.10.18"]
[EventType "team-tourn"]
[EventRounds "9"]
[EventCountry "GER"]
[SourceTitle "EXT 2011"]
[Source "ChessBase"]
[SourceDate "2010.11.26"]
[SourceVersion "1"]
[SourceVersionDate "2010.11.26"]
[SourceQuality "1"]
[WhiteTeam "Bechhofen"]
[BlackTeam "Forchheim II"]
[WhiteTeamCountry "GER"]
[BlackTeamCountry "GER"]

1. d4 g6 2. e4 Bg7 3. h4 d5 4. e5 c5 5. c3 f6 6. f4 cxd4 7. cxd4 Nh6 8. h5 Nc6 9. hxg6 hxg6 10. Nc3 Bf5 11. Be2 Qd7 12. Be3 0-0-0 13. Na4 Ng4 14. Rxh8 Nxe3 15. Rxd8+ Qxd8 16. Qc1 Nc2+ 17. Kf1 Nxa1 18. Qxa1 Nxd4 19. Qc1+ Kb8 20. Qe3 fxe5 21. fxe5 Nc6 22. Nf3 d4 23. Qb3 d3 24. Bd1 Bxe5 25. Nc5 Qc8 26. Nxd3 Bd6 27. Be2 Na5 28. Qf7 Nc4 29. b3 Ne3+ 30. Kf2 Ng4+ 31. Ke1 Bxd3 32. Bxd3 Qc1+ 33. Ke2 Qe3+ 0-1

[Event "Regionalliga NO 0910"]
[Site "Bayern"]
[Date "2009.11.15"]
[Round "2.2"]
[White "Adler, Herbert"]
[Black "Alsheimer, Christoph"]
[Result "0-1"]
[WhiteElo "1777"]
[BlackElo "2183"]
[PlyCount "66"]
[EventDate "2009.10.18"]
[EventType "team-tourn"]
[EventRounds "9"]
[EventCountry "GER"]
[SourceTitle "EXT 2011"]
[Source "ChessBase"]
[SourceDate "2010.11.26"]
[SourceVersion "1"]
[SourceVersionDate "2010.11.26"]
[SourceQuality "1"]
[WhiteTeam "Buechenbach/Roth"]
[BlackTeam "Bechhofen"]
[WhiteTeamCountry "GER"]
[BlackTeamCountry "GER"]

1. d4 Nf6 2. c4 e6 3. g3 d5 4. Bg2 c6 5. Qc2 Be7 6. Nf3 0-0 7. 0-0 b6 8. b3 Ba6 9. Ne5 Nfd7 10. Rd1 Nxe5 11. dxe5 Nd7 12. Bb2 Rc8 13. Nd2 Qc7 14. f4 b5 15. Kh1 bxc4 16. bxc4 Nb6 17. c5 Nc4 18. Bd4 Rb8 19. Nxc4 Bxc4 20. e4 Qa5 21. Rd2 Bxc5 22. Bxc5 Qxc5 23. Bf1 Qe3 24. Bxc4 dxc4 25. Re2 Qf3+ 26. Kg1 c3 27. Rf2 Qe3 28. Rb1 Rbd8 29. Qe2 Qc5 30. Kg2 Rd2 31. Qf3 Rfd8 32. Rbf1 Rxf2+ 33. Rxf2 c2 0-1

[Event "Regionalliga NO 0809"]
[Site "Bayern"]
[Date "2008.11.30"]
[Round "3.2"]
[White "Alsheimer, Christoph"]
[Black "Mueller, Christian2222"]
[Result "0-1"]
[WhiteElo "2224"]
[BlackElo "2061"]
[PlyCount "78"]
[EventDate "2008.10.05"]
[EventType "team-tourn"]
[EventRounds "9"]
[EventCountry "GER"]
[SourceTitle "EXT 2020"]
[Source "ChessBase"]
[SourceDate "2019.10.17"]
[SourceVersion "1"]
[SourceVersionDate "2019.10.17"]
[SourceQuality "1"]
[WhiteTeam "Bechhofen"]
[BlackTeam "Windischeschenbach"]
[WhiteTeamCountry "GER"]
[BlackTeamCountry "GER"]

1. d4 d5 2. Nf3 Nf6 3. e3 Bf5 4. c4 c6 5. Nc3 a6 6. Qb3 b5 7. cxb5 cxb5 8. a4 b4 9. Qxb4 Nc6 10. Qc5 Na5 11. Qa3 e6 12. b4 Nc6 13. Na2 Qb6 14. Bd2 Ne4 15. a5 Qb7 16. Qa4 Nxd2 17. Nxd2 Rb8 18. Rc1 Kd7 19. Be2 Bd6 20. 0-0 Rhc8 21. e4 Bxe4 22. Nxe4 dxe4 23. d5 exd5 24. Bg4+ Ke7 25. Bxc8 Rxc8 26. Qd1 Rd8 27. Qg4 Kf8 28. Qf5 Nd4 29. Qh5 g6 30. Qh6+ Kg8 31. Qe3 Nf5 32. Qc3 Qe7 33. Qc6 Nd4 34. Qxa6 Bxh2+ 35. Kxh2 Qh4+ 36. Kg1 Nf3+ 37. gxf3 exf3 38. Rfd1 Qg4+ 39. Kf1 Re8 0-1

[Event "Mittelfrankenliga-B1 0708"]
[Site "Mittelfranken"]
[Date "2007.11.25"]
[Round "3.2"]
[White "Pranschke, Gerd"]
[Black "Alsheimer, Christoph"]
[Result "0-1"]
[WhiteElo "1989"]
[BlackElo "2237"]
[PlyCount "96"]
[EventDate "2007.10.14"]
[EventType "team-tourn"]
[EventRounds "9"]
[EventCountry "GER"]
[SourceTitle "EXT 2011"]
[Source "ChessBase"]
[SourceDate "2010.11.26"]
[SourceVersion "1"]
[SourceVersionDate "2010.11.26"]
[SourceQuality "1"]
[WhiteTeam "Nuernberg NT III"]
[BlackTeam "Bechhofen"]
[WhiteTeamCountry "GER"]
[BlackTeamCountry "GER"]

1. e4 e6 2. d4 d5 3. Nd2 Nc6 4. c3 e5 5. exd5 Qxd5 6. Qf3 Qxf3 7. Ngxf3 exd4 8. Nxd4 Nxd4 9. cxd4 Be6 10. Be2 0-0-0 11. Nf3 Bb4+ 12. Bd2 Bxd2+ 13. Kxd2 Bd5 14. Kc3 Nf6 15. Rhf1 Rhe8 16. Bd1 Rd6 17. b3 Red8 18. Kb2 Bxf3 19. Bxf3 Rxd4 20. Rad1 Rd2+ 21. Ka3 c6 22. h3 Kc7 23. Rfe1 Rxd1 24. Rxd1 Rxd1 25. Bxd1 Kd6 26. Kb2 Ke5 27. Kc2 Kd4 28. Be2 Nd5 29. a3 Nc3 30. Bc4 f6 31. Bg8 h6 32. Be6 Ne4 33. Bc8 b6 34. Bb7 c5 35. f3 Nc3 36. g4 g5 37. Ba6 Nd5 38. Kd2 Nc7 39. Be2 b5 40. Bd3 c4 41. bxc4 bxc4 42. Be4 Ne6 43. Bc6 Nf4 44. a4 a5 45. Kc2 Nxh3 46. Kd2 Nf4 47. Bd7 Nd3 48. Bc6 c3+ 0-1

[Event "Mittelfranken-ch HT 56th"]
[Site "Postbauer"]
[Date "2007.04.05"]
[Round "6.4"]
[White "Alsheimer, Christoph"]
[Black "Kordts, Wolfgang"]
[Result "1/2-1/2"]
[WhiteElo "2095"]
[BlackElo "2136"]
[PlyCount "24"]
[EventDate "2007.04.03"]
[EventType "swiss"]
[EventRounds "9"]
[EventCountry "GER"]
[SourceTitle "EXT 2011"]
[Source "ChessBase"]
[SourceDate "2010.11.26"]
[SourceVersion "1"]
[SourceVersionDate "2010.11.26"]
[SourceQuality "1"]

1. d4 Nf6 2. Nf3 e6 3. e3 c5 4. Bd3 Nc6 5. 0-0 d5 6. b3 cxd4 7. exd4 Be7 8. Bb2 0-0 9. Nbd2 b6 10. a3 Bb7 11. Qe2 Rc8 12. Ne5 Nxe5 1/2-1/2

[Event "Mittelfranken-ch HT 56th"]
[Site "Postbauer"]
[Date "2007.04.05"]
[Round "5.3"]
[White "Saathoff, Richard"]
[Black "Alsheimer, Christoph"]
[Result "1-0"]
[WhiteElo "2116"]
[BlackElo "2095"]
[PlyCount "61"]
[EventDate "2007.04.03"]
[EventType "swiss"]
[EventRounds "9"]
[EventCountry "GER"]
[SourceTitle "EXT 2011"]
[Source "ChessBase"]
[SourceDate "2010.11.26"]
[SourceVersion "1"]
[SourceVersionDate "2010.11.26"]
[SourceQuality "1"]

1. e4 d5 2. exd5 Qxd5 3. Nc3 Qa5 4. d4 Nf6 5. Bd2 Bg4 6. f3 Bf5 7. g4 Bg6 8. Bc4 Qb6 9. h4 Nc6 10. h5 Nxd4 11. hxg6 0-0-0 12. Bd3 fxg6 13. Nce2 e5 14. Nxd4 Qxd4 15. Bc3 Bb4 16. Qd2 Bxc3 17. Qxc3 Qe3+ 18. Ne2 Nd5 19. Qb3 Qg5 20. Be4 c6 21. Rd1 Ne3 22. Rxd8+ Rxd8 23. Kf2 Nd1+ 24. Kg3 Kc7 25. Rxh7 Rd7 26. Qb4 b6 27. Qa4 Qe3 28. Qxc6+ Kd8 29. Qa8+ Ke7 30. Rxg7+ Kf6 31. Qf8+ 1-0

[Event "Mittelfranken-ch HT 56th"]
[Site "Postbauer"]
[Date "2007.04.04"]
[Round "4.3"]
[White "Alsheimer, Christoph"]
[Black "Fischer, Gerd"]
[Result "1-0"]
[WhiteElo "2095"]
[BlackElo "2081"]
[PlyCount "71"]
[EventDate "2007.04.03"]
[EventType "swiss"]
[EventRounds "9"]
[EventCountry "GER"]
[SourceTitle "EXT 2011"]
[Source "ChessBase"]
[SourceDate "2010.11.26"]
[SourceVersion "1"]
[SourceVersionDate "2010.11.26"]
[SourceQuality "1"]

1. Nf3 d5 2. d4 Nf6 3. e3 e6 4. Bd3 c5 5. b3 Nc6 6. 0-0 cxd4 7. exd4 Be7 8. Bb2 0-0 9. c4 b6 10. Nbd2 Bb7 11. a3 Rc8 12. Re1 Bd6 13. Qc2 Na5 14. Qd1 dxc4 15. bxc4 Bf4 16. Qe2 Qd6 17. Rad1 Qc6 18. Qf1 Rfd8 19. Rc1 Qd6 20. Rc2 Nc6 21. Qe2 Rc7 22. Ne4 Nxe4 23. Qxe4 g6 24. d5 exd5 25. cxd5 Re7 26. Qa4 Rxe1+ 27. Nxe1 Bxh2+ 28. Kh1 Qxd5 29. Kxh2 Qh5+ 30. Kg3 Ne5 31. Be2 Qg5+ 32. Kh2 b5 33. Qb4 Re8 34. Qd4 f6 35. Rc7 Bc8 36. Rxa7 1-0

[Event "Mittelfranken-ch HT 56th"]
[Site "Postbauer"]
[Date "2007.04.03"]
[Round "1.8"]
[White "Holzer, Johann"]
[Black "Alsheimer, Christoph"]
[Result "1/2-1/2"]
[WhiteElo "1956"]
[BlackElo "2095"]
[PlyCount "107"]
[EventDate "2007.04.03"]
[EventType "swiss"]
[EventRounds "9"]
[EventCountry "GER"]
[SourceTitle "EXT 2011"]
[Source "ChessBase"]
[SourceDate "2010.11.26"]
[SourceVersion "1"]
[SourceVersionDate "2010.11.26"]
[SourceQuality "1"]

1. d4 e6 2. c4 d5 3. Nc3 c5 4. cxd5 exd5 5. Nf3 Nc6 6. g3 Nf6 7. Bg2 Bg4 8. Be3 c4 9. 0-0 Be7 10. Ne5 Be6 11. f4 Bf5 12. h3 h5 13. Kh2 Bb4 14. Qa4 Bxc3 15. bxc3 Qc7 16. Qa3 Ne7 17. Qa4+ Nc6 18. Qa3 Ne7 19. Qa4+ Bd7 20. Nxd7 Qxd7 21. Qc2 Qe6 22. Bf2 Nf5 23. e4 dxe4 24. Rfe1 Nd6 25. Re2 0-0 26. Rd1 Qd5 27. Rde1 Rfe8 28. Be3 Re6 29. Bc1 a5 30. Ba3 Nb5 31. Bb2 Rae8 32. a4 Nc7 33. Ba3 Qf5 34. Bc1 Ncd5 35. Qb2 Nb6 36. Qc2 Qd5 37. Ba3 g6 38. Bc5 Nbd7 39. Ba3 Qc6 40. Rb1 Kg7 41. Rb5 h4 42. g4 Qc7 43. Re5 Nxe5 44. fxe5 Nd7 45. Bd6 Rxd6 46. exd6 Qxd6+ 47. Kh1 f5 48. gxf5 gxf5 49. Qb2 Qc6 50. Qc1 Qh6 51. Qb2 Qd6 52. Qc1 Re6 53. Qg5+ Rg6 54. Qxf5 1/2-1/2

[Event "Mittelfrankenliga-B1 0607"]
[Site "Mittelfranken"]
[Date "2007.03.11"]
[Round "7.1"]
[White "Alsheimer, Christoph"]
[Black "Promyshlyanskiy, Vitaliy"]
[Result "1-0"]
[WhiteElo "2187"]
[BlackElo "2228"]
[PlyCount "139"]
[EventDate "2006.10.22"]
[EventType "team-tourn"]
[EventRounds "9"]
[EventCountry "GER"]
[SourceTitle "EXT 2011"]
[Source "ChessBase"]
[SourceDate "2010.11.26"]
[SourceVersion "1"]
[SourceVersionDate "2010.11.26"]
[SourceQuality "1"]
[WhiteTeam "Bechhofen"]
[BlackTeam "Erlangen SC"]
[WhiteTeamCountry "GER"]
[BlackTeamCountry "GER"]

1. Nf3 Nf6 2. d4 g6 3. c4 Bg7 4. Nc3 d6 5. Bg5 0-0 6. e3 Na6 7. Be2 c5 8. 0-0 h6 9. Bh4 Bf5 10. Qb3 Nb4 11. Rac1 b6 12. Rfd1 Rb8 13. d5 Na6 14. Nb5 Ra8 15. Nd2 Nc7 16. Nc3 Rb8 17. a4 a6 18. e4 Bd7 19. f4 Ng4 20. Nf3 b5 21. axb5 axb5 22. Nxb5 Nxb5 23. cxb5 Qb6 24. Bc4 Rfe8 25. h3 Nf6 26. e5 Ne4 27. Qe3 f5 28. Bd3 g5 29. fxg5 hxg5 30. Bxe4 gxh4 31. e6 Bxb5 32. Bxf5 c4 33. Nd4 Rf8 34. Bg6 Rf6 35. Bf7+ Kf8 36. Kh1 Ba4 37. Rd2 Bh6 38. Qe4 Kg7 39. Nf5+ Rxf5 40. Qxf5 Qe3 41. Rdd1 Bxd1 42. Rxd1 Qg3 43. Rd4 Qe1+ 44. Kh2 Qg3+ 45. Kh1 Qe1+ 46. Kh2 Qe5+ 47. Qxe5+ dxe5 48. Rg4+ Kh7 49. Rxh4 Rxb2 50. Rxc4 Rd2 51. Kg3 Rxd5 52. Kf3 Rd3+ 53. Ke4 Re3+ 54. Kd5 Re2 55. Rg4 Bd2 56. Kc6 Bc1 57. Kd7 Ba3 58. Bg6+ Kh6 59. Be4 Rf2 60. Bf3 Rd2+ 61. Ke8 Rd4 62. Be4 Rd2 63. Kf7 Rf2+ 64. Bf3 e4 65. Rxe4 Kg5 66. Rd4 Kf5 67. Re4 Rf1 68. h4 Rg1 69. g4+ Rxg4 70. Rxg4 1-0

[Event "Pardubice op-B1"]
[Site "Pardubice"]
[Date "2006.07.21"]
[Round "1"]
[White "Kuznetsov, Viktor2222"]
[Black "Alsheimer, Christoph"]
[Result "1-0"]
[WhiteElo "2404"]
[BlackElo "2076"]
[PlyCount "61"]
[EventDate "2006.07.21"]
[EventType "swiss"]
[EventRounds "9"]
[EventCountry "CZE"]
[SourceTitle "CBM 113 Extra"]
[Source "ChessBase"]
[SourceDate "2006.09.14"]
[SourceVersion "1"]
[SourceVersionDate "2006.09.14"]
[SourceQuality "1"]

1. e4 e6 2. Nf3 c5 3. d4 cxd4 4. Nxd4 a6 5. c4 Nf6 6. Nc3 Qc7 7. Be2 d6 8. 0-0 Nbd7 9. Be3 b6 10. Qd2 Bb7 11. f3 Be7 12. Rfc1 0-0 13. Rab1 Rac8 14. b4 Rfe8 15. Bf1 Qb8 16. Na4 d5 17. exd5 Bd6 18. g3 exd5 19. c5 bxc5 20. bxc5 Nxc5 21. Nxc5 Bxc5 22. Bxa6 Qa7 23. Rxc5 Rxc5 24. Bxb7 Rc7 25. Nf5 Qa4 26. Bd4 Qc2 27. Qxc2 Rxc2 28. a4 Ree2 29. a5 Rg2+ 30. Kf1 g6 31. a6 1-0